[Event "Mittelfranken-chTB2b 1920"]
[Site "Mittelfranken"]
[Date "2019.10.13"]
[Round "1.6"]
[White "Vogt, Peter"]
[Black "Gagel, Roland"]
[Result "1-0"]
[WhiteElo "1829"]
[BlackElo "1704"]
[PlyCount "49"]
[EventDate "2019.10.13"]
[EventType "team-tourn"]
[EventRounds "9"]
[EventCountry "GER"]
[SourceTitle "EXT 2023"]
[Source "ChessBase"]
[SourceDate "2022.10.05"]
[SourceVersion "1"]
[SourceVersionDate "2022.10.05"]
[SourceQuality "1"]
[WhiteTeam "Schwanstetten"]
[BlackTeam "Forchheim II"]
[WhiteTeamCountry "GER"]
[BlackTeamCountry "GER"]

1. e4 c5 2. Nf3 d6 3. d4 cxd4 4. Nxd4 Nf6 5. Nc3 g6 6. Be3 Bg7 7. f3 h5 8. Qd2 Nc6 9. Bc4 Bd7 10. 0-0 Ne5 11. Bb3 Rc8 12. Rad1 Nc4 13. Bxc4 Rxc4 14. Kh1 a6 15. f4 b5 16. e5 Ng4 17. exd6 Nxe3 18. Qxe3 e6 19. Nd5 0-0 20. Ne7+ Kh7 21. c3 Bf6 22. b3 Bxd4 23. Rxd4 Rxd4 24. Qxd4 Qa8 25. c4 1-0

[Event "Landesliga Nord 1617"]
[Site "Bayern"]
[Date "2016.12.04"]
[Round "3.7"]
[White "Gagel, Roland"]
[Black "Hoffmann, Sebastian2222"]
[Result "0-1"]
[WhiteElo "1771"]
[BlackElo "1860"]
[PlyCount "138"]
[EventDate "2016.10.16"]
[EventType "team-tourn"]
[EventRounds "9"]
[EventCountry "GER"]
[SourceTitle "EXT 2019"]
[Source "ChessBase"]
[SourceDate "2018.10.10"]
[SourceVersion "1"]
[SourceVersionDate "2018.10.10"]
[SourceQuality "1"]
[WhiteTeam "Forchheim II"]
[BlackTeam "Nuernberg NT II"]
[WhiteTeamCountry "GER"]
[BlackTeamCountry "GER"]

1. f4 d5 2. d4 Nf6 3. e3 Bg4 4. Be2 Bxe2 5. Qxe2 Nbd7 6. Nf3 e6 7. Nbd2 Bd6 8. 0-0 0-0 9. Ne5 Ne4 10. Nxe4 dxe4 11. Qg4 f5 12. Qg3 Nf6 13. Bd2 c5 14. c3 Rc8 15. Rac1 Qb6 16. b3 cxd4 17. cxd4 Qa6 18. Nc4 Be7 19. a4 Nd5 20. Qe1 b6 21. Rb1 Rc7 22. Qe2 Rfc8 23. Rfc1 Qb7 24. Qd1 a5 25. Ne5 Ba3 26. Rxc7 Rxc7 27. Nc4 Bb4 28. Rc1 Bxd2 29. Qxd2 Qc8 30. Rb1 Rc6 31. Rc1 Qc7 32. Rc2 Nb4 33. Rc3 Nd5 34. Rc2 Qd8 35. Rc1 Qc7 36. Rc2 Nb4 37. Rc3 h6 38. Rc1 Kh7 39. Qe2 Qd8 40. g3 Qe7 41. Qd2 Qe8 42. Qd1 Nd5 43. Qe2 Rc7 44. h4 Nf6 45. Kg2 Qe7 46. Qd2 Nd5 47. Rh1 Qb4 48. Qxb4 Nxb4 49. Kf2 Kg6 50. h5+ Kf6 51. Rg1 Nd3+ 52. Ke2 Nb2 53. Rc1 Rc6 54. Rc2 Nd3 55. Kd1 Nb4 56. Rc3 Nd5 57. Rc2 Ke7 58. Rg2 Rxc4 59. bxc4 Nxe3+ 60. Ke2 Nxg2 61. Kf2 Nxf4 62. gxf4 Kf6 63. Kg3 g6 64. hxg6 Kxg6 65. Kh4 Kf6 66. Kg3 h5 67. Kf2 h4 68. Kg2 e3 69. Kf3 h3 0-1

[Event "Mittelfranken-chTB2b 1516"]
[Site "Mittelfranken"]
[Date "2016.04.03"]
[Round "8.5"]
[White "Gets, Alexej"]
[Black "Gagel, Roland"]
[Result "1/2-1/2"]
[WhiteElo "1706"]
[BlackElo "1771"]
[PlyCount "58"]
[EventDate "2015.10.18"]
[EventType "team-tourn"]
[EventRounds "9"]
[EventCountry "GER"]
[SourceTitle "EXT 2020"]
[Source "ChessBase"]
[SourceDate "2019.10.17"]
[SourceVersion "1"]
[SourceVersionDate "2019.10.17"]
[SourceQuality "1"]
[WhiteTeam "Nuernberg NT IV"]
[BlackTeam "Forchheim III"]
[WhiteTeamCountry "GER"]
[BlackTeamCountry "GER"]

1. b3 d5 2. Bb2 e6 3. e3 c6 4. c4 Nf6 5. Nf3 Bd6 6. d4 0-0 7. Bd3 Ne4 8. Nbd2 f5 9. Qc2 a5 10. 0-0 Nd7 11. Rfe1 Qf6 12. g3 g5 13. a3 h5 14. c5 Bc7 15. b4 h4 16. b5 hxg3 17. hxg3 e5 18. b6 Bb8 19. Nb3 a4 20. Nbd2 Nxd2 21. Nxd2 e4 22. Bf1 f4 23. exf4 gxf4 24. Nxe4 dxe4 25. Qxe4 fxg3 26. Qg4+ Kh8 27. Qh5+ Kg7 28. Qg4+ Kh8 29. Qh5+ Kg7 1/2-1/2

[Event "Mittelfranken-chTB2b 1516"]
[Site "Mittelfranken"]
[Date "2015.11.22"]
[Round "3.5"]
[White "Traut, Gerhard"]
[Black "Gagel, Roland"]
[Result "1/2-1/2"]
[WhiteElo "1797"]
[BlackElo "1771"]
[PlyCount "71"]
[EventDate "2015.10.18"]
[EventType "team-tourn"]
[EventRounds "9"]
[EventCountry "GER"]
[SourceTitle "EXT 2020"]
[Source "ChessBase"]
[SourceDate "2019.10.17"]
[SourceVersion "1"]
[SourceVersionDate "2019.10.17"]
[SourceQuality "1"]
[WhiteTeam "Uttenreuth"]
[BlackTeam "Forchheim III"]
[WhiteTeamCountry "GER"]
[BlackTeamCountry "GER"]

1. e4 c5 2. Nf3 d6 3. d4 cxd4 4. Nxd4 Nf6 5. Nc3 g6 6. Be2 Bg7 7. Be3 Nc6 8. 0-0 Bd7 9. f3 0-0 10. Qd2 a6 11. g4 b5 12. a3 Ne5 13. h3 Rc8 14. b3 Qc7 15. Nd1 Nc6 16. c4 Ne8 17. Rc1 Nxd4 18. Bxd4 Bxd4+ 19. Qxd4 Qc5 20. Qxc5 Rxc5 21. Ne3 bxc4 22. Bxc4 Bb5 23. b4 Rc7 24. Bxb5 axb5 25. Nd5 Ra7 26. Rc3 Ng7 27. Rfc1 Ne6 28. Kf2 Kg7 29. f4 Rfa8 30. h4 Rxa3 31. f5 Nd4 32. Rxa3 Rxa3 33. Nxe7 Kf6 34. Nc6 Nxc6 35. Rxc6 Ke5 36. fxg6 1/2-1/2

[Event "Mittelfranken-chTB2b 1415"]
[Site "Mittelfranken"]
[Date "2015.03.08"]
[Round "7.7"]
[White "Vogt, Peter"]
[Black "Gagel, Roland"]
[Result "0-1"]
[WhiteElo "1828"]
[BlackElo "1771"]
[PlyCount "112"]
[EventDate "2014.09.28"]
[EventType "team-tourn"]
[EventRounds "9"]
[EventCountry "GER"]
[SourceTitle "EXT 2020"]
[Source "ChessBase"]
[SourceDate "2019.10.17"]
[SourceVersion "1"]
[SourceVersionDate "2019.10.17"]
[SourceQuality "1"]
[WhiteTeam "Schwanstetten"]
[BlackTeam "Forchheim III"]
[WhiteTeamCountry "GER"]
[BlackTeamCountry "GER"]

1. e4 c5 2. Nf3 d6 3. d4 cxd4 4. Nxd4 Nf6 5. Nc3 g6 6. Be3 Bg7 7. Bc4 Nc6 8. Bb3 Bd7 9. f3 a6 10. Qd2 h5 11. 0-0-0 b5 12. Qf2 Ne5 13. Rhg1 Nc4 14. Bxc4 bxc4 15. Kb1 Qa5 16. Bd2 Qb6 17. Be3 Qb4 18. a3 Qa5 19. Qe2 Rb8 20. Qxc4 Qxa3 21. Nb3 Qb4 22. Qxa6 0-0 23. Rd4 Qb7 24. Qxb7 Rxb7 25. Rgd1 Rfb8 26. R4d3 Be6 27. Nd5 Nxd5 28. exd5 Bf5 29. Kc1 Bxd3 30. Rxd3 Ra8 31. Bd4 Bh6+ 32. Be3 Bg7 33. Bd4 Rc7 34. Bxg7 Kxg7 35. Kd2 Rac8 36. c3 Rb8 37. Kc2 Rcb7 38. c4 Rb4 39. Rc3 Rc8 40. Nd2 Ra8 41. Ra3 Rab8 42. b3 R8b7 43. Ra6 g5 44. Ra4 R4b6 45. Kc3 e6 46. dxe6 fxe6 47. b4 Kf6 48. b5 d5 49. Rb4 dxc4 50. Kxc4 Rc7+ 51. Kd4 Rd6+ 52. Ke3 Rc3+ 53. Ke2 Rc2 54. b6 Rdxd2+ 55. Ke3 Rb2 56. Rc4 Rd6 0-1

[Event "Mittelfranken-chTB2b 1415"]
[Site "Mittelfranken"]
[Date "2014.10.12"]
[Round "2.6"]
[White "Lotter, Eduard"]
[Black "Gagel, Roland"]
[Result "0-1"]
[WhiteElo "1783"]
[BlackElo "1771"]
[PlyCount "88"]
[EventDate "2014.09.28"]
[EventType "team-tourn"]
[EventRounds "9"]
[EventCountry "GER"]
[SourceTitle "EXT 2020"]
[Source "ChessBase"]
[SourceDate "2019.10.17"]
[SourceVersion "1"]
[SourceVersionDate "2019.10.17"]
[SourceQuality "1"]
[WhiteTeam "Bubenreuth/Moehrendorf"]
[BlackTeam "Forchheim III"]
[WhiteTeamCountry "GER"]
[BlackTeamCountry "GER"]

1. d4 d5 2. Nf3 e6 3. g3 f5 4. Bg2 Nf6 5. 0-0 c6 6. Bg5 Be7 7. Nbd2 Ne4 8. Bxe7 Qxe7 9. Ne5 0-0 10. e3 Nd7 11. Ndf3 Ndf6 12. Qd3 Bd7 13. c4 Be8 14. Rac1 Bh5 15. a3 Bxf3 16. Bxf3 g5 17. b4 Nd7 18. Nxd7 Qxd7 19. b5 g4 20. Be2 h5 21. f3 gxf3 22. Bxf3 h4 23. Rc2 Kh8 24. Qe2 Rg8 25. Bxe4 fxe4 26. Qh5+ Qh7 27. Qxh7+ Kxh7 28. Kg2 Raf8 29. Rff2 Rxf2+ 30. Kxf2 Rf8+ 31. Ke2 hxg3 32. hxg3 Kg6 33. bxc6 bxc6 34. cxd5 cxd5 35. Rc7 Rf7 36. Rxf7 Kxf7 37. Kd2 Kf6 38. Kc3 Kg5 39. Kb4 Kg4 40. Kc5 Kxg3 41. Kd6 Kf3 42. Kxe6 Kxe3 43. Kxd5 Kf3 44. Kc6 e3 0-1

[Event "Regionalliga NW 9495"]
[Site "Bayern"]
[Date "1995.??.??"]
[Round "?.6"]
[White "Gagel, Roland"]
[Black "Link, Klaus"]
[Result "1-0"]
[WhiteElo "1935"]
[BlackElo "1955"]
[PlyCount "109"]
[EventDate "1994.10.??"]
[EventType "team-tourn"]
[EventRounds "9"]
[EventCountry "GER"]
[SourceTitle "EXT 1999"]
[Source "ChessBase"]
[SourceDate "1998.11.16"]
[SourceVersion "1"]
[SourceVersionDate "1998.11.16"]
[SourceQuality "1"]
[WhiteTeam "Bamberg TV"]
[BlackTeam "Obernburg"]
[WhiteTeamCountry "GER"]
[BlackTeamCountry "GER"]

1. e4 c5 2. Nf3 Nc6 3. d4 cxd4 4. Nxd4 Nf6 5. Nc3 d6 6. Bc4 Qb6 7. Nb3 e6 8. Be3 Qc7 9. Qe2 Be7 10. f4 a6 11. a4 0-0 12. a5 Nb4 13. Bd3 e5 14. f5 d5 15. Bb6 Qc6 16. exd5 Nfxd5 17. Nxd5 Nxd5 18. Be4 Bb4+ 19. Nd2 Qd7 20. Bxd5 Qxd5 21. c3 Bc5 22. Bxc5 Qxc5 23. Ne4 Qc6 24. 0-0 f6 25. Rad1 b5 26. Rd6 Qc4 27. Qxc4+ bxc4 28. Nd2 Ra7 29. Nxc4 Rc7 30. Nb6 Bb7 31. c4 Re8 32. g4 e4 33. Kf2 e3+ 34. Ke2 Re4 35. h3 h5 36. gxh5 Rh4 37. Kxe3 Rxh3+ 38. Kd4 Rh4+ 39. Kc3 Rh3+ 40. Kb4 Rxh5 41. Nd5 Bxd5 42. Rxd5 Rb7+ 43. Kc5 Rxb2 44. Kd6 Rc2 45. c5 Rh3 46. Rb1 Rhc3 47. Rb6 g6 48. fxg6 Kg7 49. Rxa6 Kxg6 50. Ra8 f5 51. Rf8 Ra3 52. Rfxf5 Rxa5 53. c6 Ra6 54. Rc5 Rxc6+ 55. Kxc6 1-0

[Event "Regionalliga NW 9495"]
[Site "Bayern"]
[Date "1994.??.??"]
[Round "?.8"]
[White "Gagel, Roland"]
[Black "Lutz, Reinhard1111"]
[Result "1-0"]
[WhiteElo "1935"]
[BlackElo "1953"]
[PlyCount "121"]
[EventDate "1994.10.??"]
[EventType "team-tourn"]
[EventRounds "9"]
[EventCountry "GER"]
[SourceTitle "EXT 1999"]
[Source "ChessBase"]
[SourceDate "1998.11.16"]
[SourceVersion "1"]
[SourceVersionDate "1998.11.16"]
[SourceQuality "1"]
[WhiteTeam "Bamberg TV"]
[BlackTeam "Sand"]
[WhiteTeamCountry "GER"]
[BlackTeamCountry "GER"]

1. e4 e5 2. Nf3 Nc6 3. Bc4 Nf6 4. 0-0 Bc5 5. d4 Bxd4 6. Nxd4 Nxd4 7. Bg5 h6 8. Bh4 d6 9. f4 Bg4 10. Bxf6 Bxd1 11. Bxd8 Rxd8 12. Nc3 Bh5 13. Rac1 f6 14. h3 Bf7 15. Bd3 0-0 16. f5 d5 17. exd5 Bxd5 18. Nxd5 Rxd5 19. Bc4 c6 20. c3 Nb5 21. Rcd1 Nc7 22. Rd2 Kh8 23. Bxd5 cxd5 24. g4 Rd8 25. Rf3 Kg8 26. h4 Kf7 27. Re3 Re8 28. Rde2 Rd8 29. g5 d4 30. Rd3 Nd5 31. Re4 Nf4 32. g6+ Kf8 33. Rd2 d3 34. Kf2 Nh3+ 35. Ke3 Nf4 36. Rc4 a6 37. Kf3 Nh3 38. Rc7 Ng1+ 39. Ke3 Ne2 40. Rxd3 Rxd3+ 41. Kxd3 Ng3 42. Rxb7 Nxf5 43. Rb8+ Ke7 44. Rg8 Nxh4 45. Rxg7+ Ke6 46. b4 f5 47. c4 e4+ 48. Kd4 Nf3+ 49. Ke3 Ne5 50. c5 h5 51. a4 h4 52. b5 axb5 53. axb5 h3 54. b6 h2 55. Rh7 Kf6 56. b7 Nc6 57. g7 Kf7 58. Kf4 h1Q 59. Rxh1 Kxg7 60. Kxf5 Kf7 61. Kxe4 1-0

[Event "Regionalliga NW 9495"]
[Site "Bayern"]
[Date "1994.??.??"]
[Round "?.7"]
[White "Gagel, Roland"]
[Black "Neubauer, Jaroslaus"]
[Result "1-0"]
[WhiteElo "1935"]
[BlackElo "2010"]
[PlyCount "49"]
[EventDate "1994.10.??"]
[EventType "team-tourn"]
[EventRounds "9"]
[EventCountry "GER"]
[SourceTitle "EXT 1999"]
[Source "ChessBase"]
[SourceDate "1998.11.16"]
[SourceVersion "1"]
[SourceVersionDate "1998.11.16"]
[SourceQuality "1"]
[WhiteTeam "Bamberg TV"]
[BlackTeam "Schweinfurt Fr"]
[WhiteTeamCountry "GER"]
[BlackTeamCountry "GER"]

1. e4 e5 2. Nf3 Nc6 3. Bc4 Bc5 4. 0-0 Nf6 5. d4 exd4 6. e5 d5 7. exd6 0-0 8. dxc7 Qxc7 9. Bg5 Ne4 10. Bh4 Bg4 11. h3 Bh5 12. g4 Bg6 13. Nbd2 Nxd2 14. Qxd2 Rfe8 15. a3 h5 16. Qg5 Be7 17. Qxg6 Bxh4 18. Qxh5 Bf6 19. Rfe1 Rxe1+ 20. Rxe1 Rf8 21. g5 Qa5 22. b4 Nxb4 23. axb4 Qxb4 24. gxf6 Qxc4 25. Qg5 1-0

[Event "Regionalliga NW 9495"]
[Site "Bayern"]
[Date "1994.??.??"]
[Round "?.8"]
[White "Javanovic, Alexander"]
[Black "Gagel, Roland"]
[Result "1-0"]
[WhiteElo "1780"]
[BlackElo "1935"]
[PlyCount "89"]
[EventDate "1994.10.??"]
[EventType "team-tourn"]
[EventRounds "9"]
[EventCountry "GER"]
[SourceTitle "EXT 1999"]
[Source "ChessBase"]
[SourceDate "1998.11.16"]
[SourceVersion "1"]
[SourceVersionDate "1998.11.16"]
[SourceQuality "1"]
[WhiteTeam "Wuerzburg II"]
[BlackTeam "Bamberg TV"]
[WhiteTeamCountry "GER"]
[BlackTeamCountry "GER"]

1. e4 c5 2. f4 d6 3. Nf3 Nc6 4. d3 g6 5. g3 Bg7 6. Bg2 e6 7. Nc3 Nge7 8. 0-0 0-0 9. Re1 Nd4 10. Nxd4 cxd4 11. Ne2 e5 12. Kh1 f5 13. c3 dxc3 14. Nxc3 Rb8 15. Qb3+ Kh8 16. Bd2 Bh6 17. Rf1 Nc6 18. Be3 Bg7 19. exf5 Bxf5 20. Be4 Bh3 21. Bg2 Qd7 22. Ne4 Bxg2+ 23. Kxg2 Bh6 24. h3 b6 25. Rac1 d5 26. Ng5 d4 27. Qe6 Qxe6 28. Nxe6 Rfc8 29. Bd2 Ne7 30. g4 exf4 31. Bxf4 Bxf4 32. Nxf4 g5 33. Ne6 Nd5 34. Kg3 Nb4 35. Nxg5 Nxd3 36. Rxc8+ Rxc8 37. Rd1 Nxb2 38. Rxd4 Rc3+ 39. Kh4 Nd3 40. Rd7 Ra3 41. Nxh7 Nf4 42. Kg5 Nxh3+ 43. Kh6 Kg8 44. Rg7+ Kh8 45. Rf7 1-0